000 00670nam a22002412 4500
999 _c18930
_d18930
001 0000021034
003 OSt
005 20210708150843.0
008 120109s xx 000 0 eng d
020 _a0262513982
040 _aKABU
_cKABU
050 _aHG78.3
_b.A76 2010 c.1
100 1 _aArmendariz, Beatriz.
245 1 4 _aThe Economics of Microfinance /
_cBeatriz Armendariz, Jonathan Morduch.
250 _a2nd ed. ed.
260 _aLondon
_bMIT
_c2010
300 _axix, 468p,
650 0 _aMicrofinance.
700 1 _aMorduch, Jonathan.
908 _a120109
942 _2lcc
_cBK